Natural right and history / (Record no. 41799)
[ view plain ]
| 000 -LEADER | |
|---|---|
| fixed length control field | 00965nam a2200253 a 4500 |
| 001 - CONTROL NUMBER | |
| control field | 41799 |
| 003 - CONTROL NUMBER IDENTIFIER | |
| rucl marc code | BD-RjUL |
| 005 - DATE AND TIME OF LATEST TRANSACTION | |
| control field | 20211209053443.0 |
| 008 - FIXED-LENGTH DATA ELEMENTS--GENERAL INFORMATION | |
| fixed length control field | 160606s1953 ilu b 001 0 eng |
| 035 ## - SYSTEM CONTROL NUMBER | |
| System control number | (BD-RjUL)41917 |
| System control number | 9318320 |
| 040 ## - CATALOGING SOURCE | |
| Original cataloging agency | DLC |
| Transcribing agency | ODaWU |
| Modifying agency | OCoLC |
| -- | Uk |
| -- | DLC |
| -- | BD-RjUL |
| Language of cataloging | eng |
| 041 ## - LANGUAGE CODE | |
| Language code of text/sound track or separate title | eng |
| 082 ## - DEWEY DECIMAL CLASSIFICATION NUMBER | |
| Edition number | 23 |
| Classification number | 323.4 |
| Author mark and year | STN 1953 |
| 100 1# - MAIN ENTRY--PERSONAL NAME | |
| Personal name | Strauss, Leo. |
| 9 (RLIN) | 128403 |
| 245 10 - TITLE STATEMENT | |
| Title | Natural right and history / |
| Statement of responsibility, etc. | by Leo Strauss. |
| 260 ## - PUBLICATION, DISTRIBUTION, ETC. (IMPRINT) | |
| Place of publication, distribution, etc. | Chicago ; |
| -- | London : |
| Name of publisher, distributor, etc. | University of Chicago Press, |
| Date of publication, distribution, etc. | c1953. |
| 300 ## - PHYSICAL DESCRIPTION | |
| Pagination | ix, 327 p. ; |
| Size | 22 cm. |
| 500 ## - GENERAL NOTE | |
| General note | "...an expanded version of six lectures...delivered at the University of Chicago in October, 1949, under the auspices of the Charles R. Walgreen Foundation."--Preface, p. vii. |
| 650 #0 - SUBJECT ADDED ENTRY--TOPICAL TERM | |
| Topical term or geographic name as entry element | Natural law. |
| 9 (RLIN) | 128404 |
| 710 2# - ADDED ENTRY--CORPORATE NAME | |
| Corporate name or jurisdiction name as entry element | Charles R. Walgreen Foundation for the Study of American Institutions. |
| 9 (RLIN) | 128405 |
| 830 #0 - SERIES ADDED ENTRY--UNIFORM TITLE | |
| Uniform title | Charles R. Walgreen Foundation lectures |
| 942 ## - ADDED ENTRY ELEMENTS (KOHA) | |
| Source of classification or shelving scheme | Dewey Decimal Classification |
| Koha item type | Books |
| Lost status | Source of classification or shelving scheme | Damaged status | Not for loan | Collection code | Permanent Location | Current Location | Shelving location | Date acquired | Source of acquisition | Cost, normal purchase price | Total Checkouts | Full call number | Date last seen | Copy number | Koha item type |
|---|---|---|---|---|---|---|---|---|---|---|---|---|---|---|---|
| Dewey Decimal Classification | Non-fiction | Central Library, University of Rajshahi | Central Library, University of Rajshahi | 05/06/1964 | Zeithinga | 85.00 | 323.4 STN 1953 | 06/06/2016 | C-2 | Books | |||||
| Dewey Decimal Classification | Non-fiction | Central Library, University of Rajshahi | Central Library, University of Rajshahi | 05/06/1964 | Zeithinga | 85.00 | 323.4 STN 1953 | 06/06/2016 | C-3 | Books |